000 00634nam a2200193 ar4500
001 2436
005 20221127090435.0
008 110201s xxka 00010|eng d
020 _a9780582854628 : :
_cSR94.00
082 0 4 _a428.2402465
_bJ63 2006
100 1 _aJohnson, Christine.
245 1 0 _aMarket leader :
_badvanced business English test file /
_cChristine Johnson.
250 _a1st ed.
260 _aHarlow, England :
_bPearson/Financial Times,
_c2006.
300 _a92 p. ;
_c30 cm.
650 4 _aEnglish language
_xBusiness English.
650 4 _aEnglish language
_xStudy and teaching.
650 4 _aEnglish language
_vTextbooks.
999 _c2434
_d2434